Word Ladder: The Waitresses' Hit Song Quiz Stats

 Plays Quiz Updated Oct 17, 2016

Score 0/19 Timer 03:00
0 Plays Today
Hint 4-Letter Word % Correct
Ski hill coveringSNOW
97.9%
To revealSHOW
97.8%
A watercraftBOAT
96.5%
Outermost winter wearCOAT
96.5%
Femur or rib, e.g.BONE
96.1%
Solitary or isolatedLONE
95.4%
It connects two pointsLINE
94.3%
To talk informallyCHAT
93.4%
A connection between two atomsBOND
82.4%
George Michael's bandWHAM!
78.9%
Hint 4-Letter Word % Correct
♪ I [rung 1] ___ [rung 13] [rung 19] ♪♪ WHAT ♪
77.5%
A hoax or a trickSHAM
75%
Outfitted a horse's footSHOD
73.6%
♪ I ___ [rung 8] [rung 13] [rung 19] ♪♪ KNOW ♪
68.8%
An open-water herringSHAD
67.3%
Woody's last name on 'Cheers'BOYD
52.7%
♪ I [rung 1] [rung 8] [rung 13] ___♪ LIKE ♪
51.1%
Franz who is the 'Father of American Anthropology'BOAS
48%
♪ I [rung 1] [rung 8] ___ [rung 19] ♪♪ BOYS ♪
46.9%

Today's Daily Dose

You're not logged in!

Compare scores with friends on all Sporcle quizzes.
OR
Log In

Show Comments

Extras

Top Quizzes Today


Score Distribution

Your Account Isn't Verified!

In order to create a playlist on Sporcle, you need to verify the email address you used during registration. Go to your Sporcle Settings to finish the process.

Report this User

Report this user for behavior that violates our Community Guidelines.

Details: